Pictures by Letter - A - Statistics

General Stats
  • This quiz has been taken 33,699 times
  • The average score is 11 of 16
Answer Stats
Picture Answer % Correct
Apricot
88%
Argentina
88%
Adele
86%
Accordion
85%
Aurora
78%
Abacus
77%
Arabia
76%
Achilles
75%
Anaconda
73%
Atlas
68%
Aqueduct
63%
Albatross
62%
Atari
53%
Absinthe
43%
Ayatollah
41%
Akimbo
6%
No matching quizzes found
Score Distribution
Percent of People with Each Score
Percentile by Number Answered
Your Score History
You have not taken this quiz